00491pab a2200157 454500008004000000100001900040245010500059260000900164300001400173362000800187650003000195650002800225650002000253700002800273773003200301180718b2007 xxu||||| |||| 00| 0 eng d aSethi, Narayan aInternational capital flows on India's economic growth-in view of changing financial market scenario c2007 ap.99-113. aJul aFinancial markets - India aEconomic growth - India aEconomic growth aPatnaik, K. Uma Shankar aIndian Journal of Economics